000 00551nam a22001937a 4500
005 20251108171017.0
008 250721s1999 xx 000 0 ara d
082 1 4 _a929.2564/عار
100 1 _aالعارف، عارف
245 1 0 _aتاريخ بير السبع و قبائلها /
264 1 _aالقاهرة :
_bمكتبة مدبولي،
_c1999.
300 _a329ص
650 1 7 _aالعشائر العربية
650 1 7 _aفلسطين
650 1 7 _aبئر السبع
650 1 7 _aالأنساب
942 _2ddc
_cBK
999 _c54315
_d54315